000
00365nam a22001097a 4500
999
_c
13970
_d
13970
082
_a
297
100
_a
حضرت مولانا ڈاکٹر محمّد عبد الحیی نورالله مرقدہ
245
_a
اسوہ رسول اکرم صلی الله علیہ وسلم
260
_a
اردو بازار کراچی
_b
گابا پبلشرز
300
_a
460
942
_c
BK